Catálogo

Vista normal Vista MARC

Entrada Personal Name

Número de registros utilizados en: 1

001 - CONTROL NUMBER

  • control field: 10045

003 - CONTROL NUMBER IDENTIFIER

  • control field: Mx-PuUPA

005 - DATE AND TIME OF LATEST TRANSACTION

  • control field: 20190927154125.0

008 - FIXED-LENGTH DATA ELEMENTS

  • fixed length control field: 190927|| aca||aabn | a|a d

040 ## - CATALOGING SOURCE

  • Original cataloging agency: Mx-PuUPA
  • Language of cataloging: spa
  • Transcribing agency: Mx-PuUPA
  • Modifying agency: Mx-PuUPA
  • Description conventions: rda

100 1# - HEADING--PERSONAL NAME

  • Personal name: Troncoso, Lucero,

372 ## - FIELD OF ACTIVITY

  • Field of activity: Teatro

374 ## - OCCUPATION

  • Occupation: Autor

375 ## - GENDER

  • Gender: mujer

377 ## - ASSOCIATED LANGUAGE

  • Language code: spa

670 ## - SOURCE DATA FOUND

  • Source citation: Dramaturgía poblana contemporánea antología, 2018:
  • Information found: portada (Lucero Troncoso)